<?xml version="1.0" encoding="UTF-8"?>
<record
    xmlns:xsi="http://www.w3.org/2001/XMLSchema-instance"
    xsi:schemaLocation="http://www.loc.gov/MARC21/slim http://www.loc.gov/standards/marcxml/schema/MARC21slim.xsd"
    xmlns="http://www.loc.gov/MARC21/slim">

  <leader>02098nam a22002417a 4500</leader>
  <controlfield tag="003">OSt</controlfield>
  <controlfield tag="005">20210701134557.0</controlfield>
  <controlfield tag="008">120608t        xxu||||| |||| 00| 0 eng d</controlfield>
  <datafield tag="020" ind1=" " ind2=" ">
    <subfield code="a">9781259253331</subfield>
  </datafield>
  <datafield tag="040" ind1=" " ind2=" ">
    <subfield code="c">LC</subfield>
  </datafield>
  <datafield tag="050" ind1=" " ind2=" ">
    <subfield code="a">HG4026.B66</subfield>
  </datafield>
  <datafield tag="100" ind1=" " ind2=" ">
    <subfield code="q">Brealey, Richard A.</subfield>
  </datafield>
  <datafield tag="245" ind1=" " ind2=" ">
    <subfield code="a">Principles of corporate finance. /</subfield>
    <subfield code="c">Richard A. Brealey, Stewart C. Myers, Franklin Allen</subfield>
  </datafield>
  <datafield tag="250" ind1=" " ind2=" ">
    <subfield code="a">12th ed.</subfield>
  </datafield>
  <datafield tag="260" ind1=" " ind2=" ">
    <subfield code="a">New York:</subfield>
    <subfield code="b">McGraw Hill Education,</subfield>
    <subfield code="c">2017.</subfield>
  </datafield>
  <datafield tag="300" ind1=" " ind2=" ">
    <subfield code="a">xxvi, 896 + [various pagings] p.:</subfield>
    <subfield code="b">ill.;</subfield>
  </datafield>
  <datafield tag="500" ind1=" " ind2=" ">
    <subfield code="a">Includes index</subfield>
  </datafield>
  <datafield tag="505" ind1=" " ind2=" ">
    <subfield code="a">Contents: 1. Value -- Introduction to corporate finance -- How to calculate present values --Valuing bonds -- The Value of common stocks --  New present value and other investment criteria -- Making investment decisions with the net present value -- 2. Risk: Introduction to risk and return -- Portfolio theory and the capita; asset pricing module --  Risk and the cost of capital -- 3. Best practices in capital budgeting: Project analysis -- Investment, strategy, and economic rents -- Agency problems, compensation, and performance measurement -- 4. Financing decisions and market efficiency: Efficient markets and behavioral finance -- An overview of corporate financing -- How corporations issue securities -- 5. Payout policy and capital structure: Payout policy -- Does debt policy matter?  - How much should a corporation borrow? 6. Options: Understanding options -- Valuing options -- Real options -- 7. Debt financing; Credit risk and the value of corporate debt -- The many different kinds of debts -- Leasing -- 8. Risk management: Managing risk -- Managing international risks --  9. Financial planning and working capital management: Financial analysis -- financial planning -- Working capital management -- 10. Mergers, corporate control, and governance: Mergers -- Corporate restructuring -- Governance and corporate control around the world --11.  Conclusion: What we do and do not know about finance</subfield>
  </datafield>
  <datafield tag="650" ind1=" " ind2=" ">
    <subfield code="b">Corporate Finance.</subfield>
  </datafield>
  <datafield tag="700" ind1=" " ind2=" ">
    <subfield code="q">Myers, Stewart C.</subfield>
  </datafield>
  <datafield tag="700" ind1=" " ind2=" ">
    <subfield code="q">Allen, Franklin</subfield>
  </datafield>
  <datafield tag="942" ind1=" " ind2=" ">
    <subfield code="2">lcc</subfield>
    <subfield code="c">BK</subfield>
  </datafield>
  <datafield tag="999" ind1=" " ind2=" ">
    <subfield code="c">7692</subfield>
    <subfield code="d">15192</subfield>
  </datafield>
  <datafield tag="952" ind1=" " ind2=" ">
    <subfield code="0">0</subfield>
    <subfield code="1">0</subfield>
    <subfield code="2">lcc</subfield>
    <subfield code="4">0</subfield>
    <subfield code="7">0</subfield>
    <subfield code="a">WIUC-KL</subfield>
    <subfield code="b">WIUC-KL</subfield>
    <subfield code="c">GEN</subfield>
    <subfield code="d">2019-10-30</subfield>
    <subfield code="o">HG4026.B66(12e)</subfield>
    <subfield code="p">K/1029/1029/19</subfield>
    <subfield code="r">2021-07-01 00:00:00</subfield>
    <subfield code="t">1</subfield>
    <subfield code="w">2021-07-01</subfield>
    <subfield code="y">BK</subfield>
  </datafield>
  <datafield tag="952" ind1=" " ind2=" ">
    <subfield code="0">0</subfield>
    <subfield code="1">0</subfield>
    <subfield code="2">lcc</subfield>
    <subfield code="4">0</subfield>
    <subfield code="7">0</subfield>
    <subfield code="a">WIUC-KL</subfield>
    <subfield code="b">WIUC-KL</subfield>
    <subfield code="c">GEN</subfield>
    <subfield code="d">2019-10-30</subfield>
    <subfield code="l">0</subfield>
    <subfield code="o">HG4026.B661(12e)</subfield>
    <subfield code="p">K/1030/1030/19</subfield>
    <subfield code="r">2021-07-01 00:00:00</subfield>
    <subfield code="t">2</subfield>
    <subfield code="w">2021-07-01</subfield>
    <subfield code="y">BK</subfield>
  </datafield>
  <datafield tag="952" ind1=" " ind2=" ">
    <subfield code="0">0</subfield>
    <subfield code="1">0</subfield>
    <subfield code="2">lcc</subfield>
    <subfield code="4">0</subfield>
    <subfield code="7">0</subfield>
    <subfield code="a">WIUC-KL</subfield>
    <subfield code="b">WIUC-KL</subfield>
    <subfield code="c">GEN</subfield>
    <subfield code="d">2019-10-30</subfield>
    <subfield code="l">0</subfield>
    <subfield code="o">HG4026.B662(12e)</subfield>
    <subfield code="p">K/1117/1117/19</subfield>
    <subfield code="r">2021-07-01 00:00:00</subfield>
    <subfield code="t">3</subfield>
    <subfield code="w">2021-07-01</subfield>
    <subfield code="y">BK</subfield>
  </datafield>
</record>
